100 Greatest Songs of All Time (according to Rolling Stone, 2004) by longest Word - Statistics

General Stats
  • This quiz has been taken 623 times
  • The average score is 95 of 200
Answer Stats
ANSWER % Correct
Like a Rolling Stone
90%
The Rolling Stones
90%
The Beatles
89%
Bob Dylan
83%
Imagine
80%
Hey Jude
76%
John Lennon
76%
Satisfaction
75%
Led Zeppelin
74%
The Beach Boys
74%
Yesterday
74%
Elvis Presley
71%
Aretha Franklin
70%
Respect
70%
The Who
70%
Michael Jackson
68%
U2
68%
I Want to Hold Your Hand
67%
Nirvana
66%
A Day in the Life
65%
Good Vibrations
65%
In My Life
65%
Let It Be
65%
Stairway To Heaven
65%
Billie Jean
64%
Johnny B. Goode
64%
Johnny Cash
64%
You Can't Always Get What You Want
64%
Marvin Gaye
63%
Smells Like Teen Spirit
63%
California Dreamin'
61%
California Girls
61%
Chuck Berry
61%
Hotel California
61%
Help!
60%
Jimi Hendrix
60%
Creedence Clearwater Revival
58%
Hound Dog
58%
Purple Haze
56%
The Eagles
56%
Ray Charles
55%
What's Going On
55%
Jailhouse Rock
53%
Blowin' in the Wind
52%
Bruce Springsteen
52%
I Walk the Line
52%
The Kinks
52%
Walk On By
52%
Prince
51%
Ring of Fire
51%
Sympathy for the Devil
51%
Born to Run
50%
Heartbreak Hotel
50%
My Generation
50%
Otis Redding
49%
The Mamas and The Papas
49%
Roy Orbison
48%
(Sittin on) the Dock of the Bay
48%
I Still Haven't Found What I'm Looking For
47%
Jerry Lee Lewis
46%
The Clash
46%
All Along the Watchtower
45%
David Bowie
45%
One
45%
She Loves You
45%
The Doors
45%
When a Man Loves a Woman
45%
No Woman, No Cry
44%
James Brown
43%
The Police
43%
Al Green
42%
Bob Marley and the Wailers
42%
Light My Fire
42%
Simon and Garfunkel
42%
Great Balls of Fire
41%
London Calling
41%
When Doves Cry
41%
Whole Lotta Love
41%
God Only Knows
40%
Little Richard
40%
My Girl
40%
Bridge Over Troubled Water
39%
Fats Domino
39%
Fortunate Son
39%
Be My Baby
38%
I Got You (I Feel Good)
38%
I Heard It Through the Grapevine
38%
Layla
38%
Stevie Wonder
38%
Every Breath You Take
37%
You Really Got Me
37%
Georgia on My Mind
36%
Gimme Shelter
36%
Ike and Tina Turner
36%
Sam Cooke
36%
The Temptations
36%
Percy Sledge
35%
A Change Is Gonna Come
34%
Ramones
34%
Strawberry Fields Forever
34%
The Ronettes
34%
Cream
33%
Dancing in the Street
33%
Derek and the Dominos
33%
Smokey Robinson and the Miracles
33%
Waterloo Sunset
33%
Crying
32%
Dionne Warwick
32%
Heroes
32%
Let's Stay Together
32%
Superstition
32%
The Sex Pistols
32%
Tutti-Frutti
32%
Roll Over Beethoven
31%
The Band
31%
Anarchy in the U.K.
30%
Blueberry Hill
30%
Buffalo Springfield
30%
For What It's Worth
30%
Martha and the Vandellas
30%
Norwegian Wood (This Bird Has Flown)
30%
Papa's Got a Brand New Bag
30%
Sunshine of Your Love
30%
Suspicious Minds
30%
The Times They Are A-Changin'
30%
What'd I Say
30%
Good Golly, Miss Molly
29%
Buddy Holly and the Crickets
27%
Bo Diddley
26%
Bo Diddley
26%
That'll Be the Day
26%
The Righteous Brothers
26%
The Tracks of My Tears
26%
You've Lost That Lovin' Feelin'
26%
Long Tall Sally
25%
River Deep - Mountain High
25%
Tangled Up in Blue
25%
Maybellene
24%
The Byrds
23%
The Weight
23%
Thunder Road
23%
Blitzkrieg Bop
22%
Whole Lotta Shakin' Goin On
22%
Carl Perkins
21%
Redemption Song
21%
Blue Suede Shoes
20%
Crazy
18%
Grandmaster Flash and the Furious Five
18%
Love and Happiness
17%
Patsy Cline
17%
People Get Ready
17%
Whiter Shade of Pale
17%
Mr. Tambourine Man
16%
Procol Harum
16%
The Impressions
16%
The Message
16%
In the Still of the Nite
15%
Louie Louie
15%
Eddie Cochran
14%
Summertime Blues
14%
The Kingsmen
14%
Mystery Train
10%
The Five Satins
9%
No matching quizzes found
Score Distribution
Percent of People with Each Score
Percentile by Number Answered
Your Score History
You have not taken this quiz